000 00294nam a2200133Ia 4500
008 231129s1982||||xx |||||||||||||| ||spa||
040 _bspa
082 _a100 S464q
100 _aSelsam Howard
245 0 _aQue es la filosofia ?
260 _c1982
264 _aGrijalbo
942 _2ddc
_cBKS
999 _c23583
_d23583